000 00480nmm a2200145Ia 4500
008 251105s9999||||xx |||||||||||||||||und||
041 _aspa
100 _aSaid Hung, Elías (dir.)
245 0 _aEstrategia de apoyo a la orientación sociocupacional en el departamento del Atlántico
264 _a[Bogotá, Colombia] :
_bUniversidad del Norte,
_c2017
300 _a98 páginas
650 _aEducation
856 _uhttps://public.digitaliapublishing.com/a/54952
942 _cCF
999 _c106542
_d106542